000 00989nmm a2200289 a 4500
001 ocm000643250
003 TR-IsHL
005 20201028124955.0
008 110704s2009 tu tur
007 cr cn
020 _a9789944159630
035 _a643250
_b(N$T)
050 0 4 _aDR592.K4
_bB46 2009
090 0 4 _aDR592.K4
_bB46 2009
100 1 _aBenazus, Hanri
245 1 0 _aÇimenler hiç sararmasın
_h[electronic resource] /
_cHanri Benazus
250 _a1. bs.
260 _aİstanbul :
_bBizim Kitaplar,
_c2009
300 _a272 p.
650 4 _aDil ve Edebiyat
650 4 _aLanguage and Literature
650 0 _aAtatürk, Mustafa Kemal, 1881-1938
650 0 _aTürkiye
_xTarih
_xKurtuluş Savaşı, 1918-1923
_x Kaynaklar
650 0 _aTurkey
_xHistory
_xRevolution, 1918-1923
_x Sources
650 7 _aHISTORY / Middle East / Turkey & Ottoman Empire
_2bisacsh
856 4 0 _uhttp://search.ebscohost.com/login.aspx?direct=true&scope=site&db=e011xww&AN=643250
999 _c3236
_d3236